Normal view
MARC view
- نظم المعلومات المحاسبية
Entry Topical Term
001 - CONTROL NUMBER
- control field: 34438
003 - CONTROL NUMBER IDENTIFIER
- control field: JO-AjAnu
005 - DATE AND TIME OF LATEST TRANSACTION
- control field: 20230606075753.0
008 - FIXED-LENGTH DATA ELEMENTS
- fixed length control field: 230606|| aca||aabn | a|a d
040 ## - CATALOGING SOURCE
- Original cataloging agency: JO-AjAnu
- Transcribing agency: JO-AjAnu
150 ## - HEADING--TOPICAL TERM
- Topical term or geographic name entry element: نظم المعلومات المحاسبية
670 ## - SOURCE DATA FOUND
- Source citation: Work cat.: (JO-AjAnu)17689: حسن، سيد عبد الفتاح صالح, author 34437, تحليل اثر اختلاف مستويات الافصاح المحاسبي القطاعي على القدرة التنبؤية للمعلومات المحاسبية (مع دراسة حالة)